000 00857nam a22002897a 4500
001 0074
003 DO-SdBNP
005 20180119091712.0
007 0074
008 151015b sp 1986 xxu||||| |||| 00| 0 spa d
020 _a842610911X
040 _aBPMSU
_bspa
_cBPMSU
092 _axxxxxxx
_bxxxxxxx
100 1 4 _aBlyton, Enid
240 1 0 _aFive on a secret trail /
_leng
245 _aLos cinco tras el pasadizo secreto /
_cEnid Blyton ; traducción Antonio de Quadras ; ilustración José Correas
250 _a11a ed.
260 _aBarcelona, España :
_bJuventud,
_c1986
300 _a157 p.
_bil.,
_c20 cm.
490 0 _aLos cinco
_v36
700 1 0 _aQuadras, Antonio de,
_etr.
700 1 0 _aCorreas, José,
_eil.
830 0 _aLos cinco
_n36
942 _2ddc
_cBK
945 _aInventariado, 2018 / YL
956 _aBrenda Tavárez
_b10
_cBPMSU
999 _c8387
_d8387